Quizzes
Events
Quiz Creation
Community
Videos
Private Events
Remove Ads
Sign In
Join for FREE
Feedback
Dark Mode
Quiz Categories
Sports
Geography
Music
Movies
Television
Just For Fun
Miscellaneous
History
Literature
Language
Science
Gaming
Entertainment
Religion
Holiday
For Kids
Quiz Lab
Recent
Popular Today
Quiz Kudos Today
Editor Picks
Curator Picks
Quizzes by...
Day
Popularity
Type
Ratings
Length
Year
Community
Subscriptions
Recent Discussions
Orange Saloon
Badges
Playlists
Quests
Create
Leaderboards
Showdown
Live 5
Trivia Bingo
Activity
Puzzle Library
Sporcle Events
Private Events
Virtual Trivia
Globe League
Become a Host
Pub Owners
SporcleCon
Opinionation
Our Games
Videos
Blog
Mobile Apps
Partnerships
Remove Ads and Go Orange
Feedback
Music
Pop Music
The Beatles
Song
Album
Lyrics
Bands
Singers
Artist
Clip
Rock
Rap
Classical
Billboard
Country Music
Kpop
Taylor Swift
Music
Pop Music
The Beatles
Song
Album
Lyrics
Bands
Singers
Artist
Clip
Rock
Rap
Classical
Billboard
Country Music
Kpop
Taylor Swift
Random Quiz
Search Sporcle
×
Quiz Lab
Quiz Lab
Music
brand
Type in answers that appear in a list
Type in answers that appear in a list
Classic
Best Score? Go Orange.
Brand New - Moshi Moshi lyrics Stats
Can you name the lyrics to Brand New - Moshi Moshi?
By
Kling66
10m
287 Questions
57 Plays
57 Plays
57 Plays
Comments
Comments
Give Quiz Kudos
Give Quiz Kudos
-
- Ratings
hide this ad
Replay
Link that replays current quiz
Next Quiz
Link to next quiz in quiz playlist
You Got
0%
They Got
Avg Score
91%
Avg Friend Score
Upgrade to see
Score Distribution
Jump to the score distribution portion of the page
Score
0/287
Timer
10:00
0
Plays Today
Answer
% Correct
I
100%
I
100%
I
100%
I
100%
I
100%
I
100%
I
100%
I
100%
I
100%
I
100%
I
100%
I
100%
I
100%
I
100%
I
100%
I
100%
think
98.2%
crazy
98.2%
to
98.2%
to
98.2%
to
98.2%
think
98.2%
to
98.2%
to
98.2%
think
98.2%
I'm
96.5%
baby
96.5%
you
96.5%
off
96.5%
the
96.5%
If
96.5%
you
96.5%
a
96.5%
off
96.5%
the
96.5%
my
96.5%
a
96.5%
of
96.5%
a
96.5%
if
96.5%
you
96.5%
and
96.5%
do
96.5%
do
96.5%
you
96.5%
If
96.5%
you
96.5%
my
96.5%
you
96.5%
of
96.5%
and
96.5%
you
96.5%
do
96.5%
if
96.5%
my
96.5%
of
96.5%
you
96.5%
And
96.5%
I'm
96.5%
you
96.5%
the
96.5%
the
96.5%
and
96.5%
the
96.5%
The
96.5%
you
96.5%
the
96.5%
you
96.5%
of
96.5%
and
96.5%
you
96.5%
do?
96.5%
you
96.5%
do)
96.5%
if
96.5%
my
96.5%
of
96.5%
you
96.5%
you
96.5%
(you
96.5%
a
96.5%
you
96.5%
a
96.5%
off
96.5%
the
96.5%
of
96.5%
the
96.5%
my
96.5%
of
96.5%
you
96.5%
let
94.7%
hook
94.7%
were
94.7%
you'd
94.7%
still
94.7%
be
94.7%
Answer
% Correct
hook
94.7%
In
94.7%
your
94.7%
your
94.7%
thinking
94.7%
me
94.7%
you're
94.7%
your
94.7%
your
94.7%
like
94.7%
you're
94.7%
your
94.7%
time
94.7%
you're
94.7%
me
94.7%
all
94.7%
time
94.7%
just
94.7%
thinking
94.7%
me
94.7%
your
94.7%
in
94.7%
your
94.7%
You're
94.7%
in
94.7%
in
94.7%
You're
94.7%
still
94.7%
just
94.7%
thinking
94.7%
me
94.7%
you're
94.7%
your
94.7%
your
94.7%
like
94.7%
your
94.7%
like
94.7%
you're
94.7%
your
94.7%
time
94.7%
you're
94.7%
me
94.7%
all
94.7%
time
94.7%
just
94.7%
thinking
94.7%
you're
94.7%
your
94.7%
me
94.7%
like
94.7%
your
94.7%
time
94.7%
you're
94.7%
your
94.7%
all
94.7%
time
94.7%
just
94.7%
thinking
94.7%
still
94.7%
easy
93%
when
93%
Are
93%
when
93%
putting
93%
on
93%
makeup
93%
darling
93%
hair
93%
wasting
93%
trying
93%
waste
93%
waste
93%
Dream
93%
Japanese
93%
dream
93%
Japanese
93%
know
93%
Are
93%
when
93%
putting
93%
on
93%
makeup
93%
darling
93%
hair
93%
hair
93%
wasting
93%
trying
93%
waste
93%
know
93%
waste
93%
telephone
91.2%
for
91.2%
impress
91.2%
impress
91.2%
This
89.5%
is
89.5%
Answer
% Correct
last
89.5%
die
89.5%
starvation
89.5%
get
89.5%
how
89.5%
ever
89.5%
don't
89.5%
even
89.5%
how
89.5%
get
89.5%
get)
89.5%
an
89.5%
I'll
87.7%
I'll
87.7%
What
87.7%
slit
87.7%
throat?
87.7%
dying
87.7%
I've
87.7%
seen
87.7%
dying
87.7%
(dying
87.7%
angel
87.7%
angel
87.7%
days
86%
minute
86%
around
86%
close?
86%
up
86%
speak
86%
pretty
86%
up
86%
around
86%
Been
84.2%
awake
84.2%
neck
84.2%
would
84.2%
imagining
84.2%
am
84.2%
could
84.2%
never
84.2%
could
84.2%
never
84.2%
high
84.2%
school
84.2%
could
84.2%
shivers
82.5%
that
82.5%
true
82.5%
true)
82.5%
brick
82.5%
haunt
80.7%
Well
80.7%
give
80.7%
standing
80.7%
river
80.7%
sweetest
80.7%
It's
80.7%
probably
80.7%
more
80.7%
hang
80.7%
more
80.7%
(more
80.7%
Well
80.7%
stay
80.7%
stay
80.7%
Hey
80.7%
halo
80.7%
has
80.7%
screw
80.7%
loose
80.7%
rooftop
80.7%
come
78.9%
back
78.9%
ghost
78.9%
room
78.9%
language
78.9%
same
78.9%
watch
78.9%
next
78.9%
applying
78.9%
eyeliner?
78.9%
not
77.2%
some
77.2%
choked
77.2%
float
75.4%
kissed
71.9%
'cause
70.2%
dropped
70.2%
can
66.7%
boat-builder
66.7%
hang-ups
66.7%
hang-ups
66.7%
leg
61.4%
though
38.6%
Quiz Playlist
Details
Report
Send in Message
Add To Playlist
Classic:
Type in answers that appear in a list
Quiz Source
Last Updated: Feb 16, 2017
Quiz Scoreboard
CHALLENGE
Sign Up to Join the Scoreboard
Show All
Scores
Hide
Comments
May contain spoilers
Recently Published
Billboard Blitz: Fleetwood Mac
by CooCooCachoo
Music
15s
Presidents Visiting Landmarks
by Hejman
History
7m
An Introduction to Baseball
by treessimontrees
Sports
5m
More to Explore
Quiz From the Vault
Featured Blog Post
Where Did the Easter Bunny Come From?
hide this ad
You Might Also Like...
Tags
brand
moshi
Today's Top Quizzes in Music
Browse Music
hide this ad
Today's Top Quizzes in brand
Browse brand
Top Contributed Quizzes in Music
1
Taylor Swift All Songs (2024)
2
Guess the Artist- 70s Songs
3
7-to-1: Billboard Hot 100 #1 Hits of 2010s
4
Sorting Albums and Songs
5
Taylor Swift Logic Puzzle
6
KPOP LOGIC QUIZ
7
2010s Album by Cover III
8
One Thing in Common: Music
9
Guess the Taylor Swift song (Mystery Song)
10
Guess The Taylor Swift Lyrics Song #1
Explore More
Trending Topics
Anime
Disney
NBA
Crossword
Harry Potter
Kpop
Marvel
The Office
Pokémon
Country
Soccer
WWE
NFL
Puzzle
Song
hide this ad
More By:
Kling66
Quiz
Plays
Rating
Category
Featured
Created
Paramore - My Heart lyrics
377
5.00
Music
Sep 25, 2014
Coldplay - The Hardest Part lyrics
314
5.00
Music
Oct 15, 2016
Band of Horses - The Funeral lyrics
243
2.00
Music
Dec 21, 2016
Chvrches - Recover lyrics
171
5.00
Music
Jan 15, 2017
R.E.M. - At My Most Beautiful lyrics
114
5.00
Music
Dec 17, 2015
Go to Creator's Profile
Score Distribution
Quiz Creator Spotlight
Kling66
Follow
Send a Message
Quizzes Created
-
Created Quiz Play Count
-
More By This Creator
Popular Quizzes Today
1
Find the US States - No Outlines Minefield
2
Find the Countries of Europe - No Outlines Minefield
3
The Countries of the World
4
Find the US States
5
Risky Map Clicking: Biggest States A-Z
6
US States
7
Popular People in 1961
8
Movies - When Are They Set?
More Music Quizzes
'10s Songs Missing 'ing' Words
Published
Trending Quizzes
Risky Map Clicking: Least Populous States A-Z
1-10 Letter G Words
1-10 Letter F Words
Risky Map Clicking: Next State Alphabetically
Risky Map Clicking: Biggest States A-Z
Recently Updated
Leaping Animals
pecheneg
Reality TV Shows (A-Z)
bhenderson79
Rickey Henderson's Hall of Fame Teammates
pecheneg
Champions League XIs: Arsenal
pecheneg
Quick Pick: Celebrities in WWE's Hall of Fame
aduchscher
A-Z Keypad Blitz II
pecheneg
Multiple Oscar Actors
pecheneg
Mystery Phrase Blitz: Oscar 'Best Actors'
pecheneg
F. Scott Fitzgerald Novels
LTH
Pick 3 Villains
ddd62291
Trending Topics
Harry Potter
Kpop
Crossword
Marvel
Disney
NBA
Anime
WWE
Song
Pokémon
Puzzle
Country
Soccer
The Office
NFL
Your Account Isn't Verified!
In order to create a playlist on Sporcle, you need to verify the email address you used during registration. Go to your
Sporcle Settings
to finish the process.
Report this User
Report this user for behavior that violates our
Community Guidelines
.
Details:
Send Report
Go to the Sporcle.com Mobile Site →
Comments